LEADER 01194nam0 22002651i 450 001 UON00194016 005 20231205103226.537 010 $a97-280-4770-3 100 $a20030730d1994 |0itac50 ba 101 $apor 102 $aPT 105 $a|||| 1|||| 200 1 $aDepois do espectáculo trovadoresco$ea estrutura dos cancioneiros peninsulares e as recolhas dos séculos XIII e XIV$fAntónio Resende de Oliveira 210 $aLisboa$cEdiçoes Colibri$d1994? 467 p. ; 23 cm Dep. legale 1994 316 $aDono prof. Ricciardi$5IT-UONSI PortIV/1201 410 1$1001UON00172978$12001 $a Autores portugueses. Série Ensaio$1210 $aLisboa$cEdiçoes Colibri 620 $aPT$dLisboa$3UONL003135 700 1$aOLIVEIRA$bAntónio Resende de$3UONV114842$0678312 712 $aColibri$3UONV266409$4650 801 $aIT$bSOL$c20240220$gRICA 899 $aSIBA - SISTEMA BIBLIOTECARIO DI ATENEO$2UONSI 912 $aUON00194016 950 $aSIBA - SISTEMA BIBLIOTECARIO DI ATENEO$dSI Port IV 1201 $eSI LO 58715 5 1201 Dono prof. Ricciardi 996 $aDepois do espectáculo trovadoresco$91292467 997 $aUNIOR LEADER 01660nam0 22003371i 450 001 UON00070547 005 20231205102349.51 100 $a20020107d1890 |0itac50 ba 101 $aeng 102 $aGB 105 $a|||| ||||| 200 1 $aTravels and discoveries in North and Central Africa$fby Henry Barth 205 $aLondon [etc] : Ward$bLock$b1890 210 $a2 v.$a19 cm 215 $aVol. 1: including accounts of Tripoli, the Sahara, the remarkable Kingdom of Bornu, and the countries around Lake Chad 316 $a*Vol. 1$5IT-UONSI AFRGEN/0441/001 316 $a*Vol. 2$5IT-UONSI AFRGEN/0441/002 410 1$1001UON00066078$12001 $aˆThe ‰Minerva library of famous books$fedited by G. T. Bettany 606 $aAFRICA SETTENTRIONALE$xDescrizioni e viaggi$3UONC018437$2FI 606 $aAFRICA CENTRALE$xDescrizioni e viaggi$3UONC020103$2FI 620 $aGB$dLondon$3UONL003044 676 $a916.104$cDESCRIZIONI E VIAGGI DELL'AFRICA SETTENTRIONALE$v21 676 $a916.704$cDESCRIZIONI E VIAGGI DELL'AFRICA CENTRALE$v21 700 1$aBARTH$bHenry$3UONV045047$0658094 712 $aWard, Lock and Co.$3UONV257168$4650 801 $aIT$bSOL$c20240220$gRICA 912 $aUON00070547 950 $aSIBA - SISTEMA BIBLIOTECARIO DI ATENEO$dSI AFR GEN 0441/001 $eSI AA 5515 7 0441/001 *Vol. 1 950 $aSIBA - SISTEMA BIBLIOTECARIO DI ATENEO$dSI AFR GEN 0441/002 $eSI AA 5516 7 0441/002 *Vol. 2 996 $aTravels and discoveries in North and Central Africa$91161499 997 $aUNIOR